Blundell memorial lectures (1990) ... current problems in property law. Under the auspices of the General Council of the Bar , the Law Society and the Royal Institution of Chartered Surveyors (Record no. 93338)

MARC details
000 -LEADER
fixed length control field 01060cam a2200253 4500
001 - CONTROL NUMBER
control field B3063
008 - FIXED-LENGTH DATA ELEMENTS--GENERAL INFORMATION
fixed length control field 090401t1990 xxu||||| |||| 00| 0 eng d
035 ## - SYSTEM CONTROL NUMBER
System control number (Sirsi) u53793
041 ## - LANGUAGE CODE
Language code of text/sound track or separate title eng
050 ## - LIBRARY OF CONGRESS CALL NUMBER
Classification number 346.41043
245 ## - TITLE STATEMENT
Title Blundell memorial lectures (1990) ... current problems in property law. Under the auspices of the General Council of the Bar , the Law Society and the Royal Institution of Chartered Surveyors
260 ## - PUBLICATION, DISTRIBUTION, ETC.
Place of publication, distribution, etc. London
Name of publisher, distributor, etc. Institution and College Conferences
Date of publication, distribution, etc. 1990
300 ## - PHYSICAL DESCRIPTION
Extent 208p. ; 30cm.
350 ## - PRICE (NR) (BK AM CF MU VM SE) [OBSOLETE]
Price 10
490 ## - SERIES STATEMENT
Series statement Blundell Lectures
520 ## - SUMMARY, ETC.
Summary, etc. Papers:- Research how to use its fruits/ VANDERMEER,R REID,I - Conditions of sale / ALDRIDGE,T MOWBRAY,J -Implications of VAT on rent / ROSS,M JOHNSON,T - Property in France 1992/ AUSTIN,R BUTTERY,P - Leisure licensed premises / MORGAN,P HAYWARD,I .
650 ## - SUBJECT ADDED ENTRY--TOPICAL TERM
Topical term or geographic name entry element NATIONAL CONDITIONS OF SALE
650 ## - SUBJECT ADDED ENTRY--TOPICAL TERM
Topical term or geographic name entry element RENT REVIEWS
650 ## - SUBJECT ADDED ENTRY--TOPICAL TERM
Topical term or geographic name entry element SECURITY OF TENURE
650 ## - SUBJECT ADDED ENTRY--TOPICAL TERM
Topical term or geographic name entry element STANDARD CONDITIONS OF SALE
650 ## - SUBJECT ADDED ENTRY--TOPICAL TERM
Topical term or geographic name entry element VALUE ADDED TAX
942 ## - ADDED ENTRY ELEMENTS (KOHA)
Suppress in OPAC 0
Source of classification or shelving scheme Dewey Decimal Classification
948 ## - LOCAL PROCESSING INFORMATION (OCLC); SERIES PART DESIGNATOR (RLIN)
c (OCLC) 04/03/1997
Holdings
Withdrawn status Lost status Source of classification or shelving scheme Damaged status Not for loan Home library Current library Shelving location Date acquired Cost, normal purchase price Total Checkouts Full call number Barcode Date last seen Copy number Cost, replacement price Price effective from Koha item type
    Dewey Decimal Classification     London London Basement 14/09/1999 10.00   SHELF 324 30003640 06/08/2019 1 10.00 06/08/2019 Book
    Dewey Decimal Classification     London London Basement 14/09/1999 10.00   SHELF 324 30032908 06/08/2019 2 10.00 06/08/2019 Book